[Event "8th Gibtelecom Masters"]
[Site "Caleta ENG"]
[Date "2010.01.26"]
[Round "1"]
[White "Javakhishvili,L"]
[Black "Lacrosse,M"]
[Result "1-0"]
[WhiteElo "2493"]
[BlackElo "2220"]
[EventDate "2010.01.26"]

1. d4 d5 2. c4 e6 3. Nc3 Nf6 4. Bg5 c6 5. e3 Nbd7 6. cxd5 exd5 7. Bd3 Be7
8. Nge2 O-O 9. Qc2 Re8 10. O-O h6 11. Bh4 c5 12. Bb5 cxd4 13. Nxd4 a6 14.
Ba4 Rf8 15. Nf5 Nb6 16. Bb3 Bb4 17. Rfd1 Bxc3 18. bxc3 Bxf5 19. Qxf5 Qc8
20. Qf3 Qxc3 21. Rac1 Qe5 22. Bxf6 Qxf6 23. Qxf6 gxf6 24. Rc7 Rab8 25. g3
Rfc8 26. Rdc1 Nc4 27. Rxc8+ Rxc8 28. e4 b5 29. exd5 Kf8 30. Rc3 Rc5 31. d6
Ke8 32. Rf3 f5 33. Rf4 Rc6 34. Rxf5 Nxd6 35. Rf6 Ke7 36. Rxh6 a5 37. Rh4 a4
38. Bd5 Rc1+ 39. Kg2 Rd1 40. Bc6 Rb1 41. Rh5 Rb2 42. a3 f5 43. Rh7+ Ke6 44.
h4 Rc2 45. Bf3 Nc4 46. Rb7 Nxa3 47. h5 Rc8 48. g4 Rg8 49. Kg3 Kf6 50. Rb6+
Kg5 51. Bd5 f4+ 52. Kh3 Rg7 53. Be4 f3 54. Kg3 Rg8 55. h6 1-0

[Event "8th Gibtelecom Masters"]
[Site "Caleta ENG"]
[Date "2010.01.26"]
[Round "1"]
[White "Arvola,B"]
[Black "Cmilyte,V"]
[Result "0-1"]
[WhiteElo "2218"]
[BlackElo "2489"]
[EventDate "2010.01.26"]

1. d4 f5 2. c4 Nf6 3. g3 g6 4. Bg2 d6 5. Nh3 Bg7 6. O-O O-O 7. Nc3 c6 8. d5
e5 9. dxe6 Bxe6 10. Qd3 Re8 11. Ng5 Na6 12. Nxe6 Rxe6 13. Bg5 Nc5 14. Qd2
Qf8 15. Be3 Rae8 16. Bxc5 dxc5 17. Rad1 Ng4 18. e3 g5 19. e4 f4 20. Bh3 h5
21. f3 Bd4+ 22. Kh1 Ne3 23. Bxe6+ Rxe6 24. gxf4 Nxf1 25. Rxf1 gxf4 26. Ne2
Be3 27. Qd7 Rd6 28. Qxb7 Qd8 29. Ng1 Rg6 30. b3 Qg5 31. Qc8+ Kh7 32. Qh3
Qxg1+ 33. Rxg1 Rxg1+ 0-1

[Event "8th Gibtelecom Masters"]
[Site "Caleta ENG"]
[Date "2010.01.26"]
[Round "1"]
[White "Tjolsen,K"]
[Black "Harika,D"]
[Result "0-1"]
[WhiteElo "2212"]
[BlackElo "2471"]
[EventDate "2010.01.26"]

1. d4 Nf6 2. c4 g6 3. Nc3 Bg7 4. e4 O-O 5. f4 d6 6. Nf3 c5 7. d5 e6 8. Be2
exd5 9. cxd5 Bg4 10. O-O Nbd7 11. h3 Bxf3 12. Bxf3 Re8 13. g4 h6 14. Qc2 c4
15. Be3 Qa5 16. Qf2 Rac8 17. h4 Nc5 18. Qg2 Nfd7 19. e5 dxe5 20. f5 e4 21.
Nxe4 Nxe4 22. Bxe4 Nf6 23. g5 hxg5 24. hxg5 Nxe4 25. f6 Bf8 26. Rf4 Qxd5
27. Rh4 Bc5 28. Re1 Qxg5 29. Qxg5 Nxg5 30. Kg2 Rxe3 0-1

[Event "8th Gibtelecom Masters"]
[Site "Caleta ENG"]
[Date "2010.01.26"]
[Round "1"]
[White "Arakhamia Grant,K"]
[Black "Tscharotschkin,M"]
[Result "1-0"]
[WhiteElo "2470"]
[BlackElo "2211"]
[EventDate "2010.01.26"]

1. e4 e6 2. d4 d5 3. Nc3 Bb4 4. e5 c5 5. a3 Ba5 6. b4 cxd4 7. Nb5 Bc7 8. f4
a5 9. Bd2 Ne7 10. Nf3 Nf5 11. Bd3 Bd7 12. Nxc7+ Qxc7 13. b5 Ne3 14. Bxe3
dxe3 15. O-O Qc5 16. Qe2 f5 17. Rfe1 O-O 18. Qxe3 Rc8 19. Nd4 Qe7 20. Kh1
Be8 21. Qh3 Bg6 22. g4 fxg4 23. Qxg4 Bxd3 24. cxd3 Re8 25. f5 Nd7 26. Nxe6
Kh8 27. d4 Rac8 28. Nf4 Nb6 29. Ng6+ hxg6 30. fxg6 1-0

[Event "8th Gibtelecom Masters"]
[Site "Caleta ENG"]
[Date "2010.01.26"]
[Round "1"]
[White "Tate,A"]
[Black "Siebrecht,S"]
[Result "0-1"]
[WhiteElo "2210"]
[BlackElo "2468"]
[EventDate "2010.01.26"]

1. e4 c5 2. Nf3 e6 3. d4 cxd4 4. Nxd4 a6 5. Bd3 Bc5 6. Nb3 Be7 7. Qg4 Bf6
8. Qg3 Nc6 9. Nc3 Nge7 10. Bf4 e5 11. Bg5 Bxg5 12. Qxg5 O-O 13. O-O-O d6
14. g3 b5 15. f4 Be6 16. Nd5 f6 17. Qh4 a5 18. Bxb5 Nb4 19. fxe5 Ng6 20.
Qh5 Nxe5 21. a4 Bg4 22. Qh4 h5 0-1

[Event "8th Gibtelecom Masters"]
[Site "Caleta ENG"]
[Date "2010.01.26"]
[Round "1"]
[White "Zatonskih,A"]
[Black "Henriksson,J"]
[Result "1-0"]
[WhiteElo "2466"]
[BlackElo "2204"]
[EventDate "2010.01.26"]

1. Nf3 c6 2. d3 d5 3. Nbd2 g6 4. e4 Bg7 5. g3 Bg4 6. h3 Bxf3 7. Qxf3 Nf6 8.
Bg2 O-O 9. O-O Nbd7 10. Qe2 e6 11. e5 Ne8 12. f4 Qb6+ 13. Kh2 Nc7 14. Nf3
a5 15. c3 Qa6 16. Be3 b5 17. Rac1 Rab8 18. h4 c5 19. Qf2 c4 20. Rfd1 cxd3
21. Rxd3 f6 22. exf6 Nxf6 23. Ne5 Nce8 24. Qe2 Nd6 25. Bc5 Rfe8 26. Bxd6
Qxd6 27. Re1 Nd7 28. Nxd7 Qxd7 29. Re3 Rb6 30. Bh3 Kf7 31. f5 gxf5 32. Bxf5
Bh6 33. Re5 Bg7 34. Qh5+ Kf8 35. Qxh7 Qf7 36. R5e2 e5 37. Bg4 Rh6 38. Qd3
e4 39. Qxb5 Be5 40. Kg2 Rb8 41. Qc5+ Bd6 42. Qd4 Rf6 43. c4 Rf3 44. Qh8+
1-0

[Event "8th Gibtelecom Masters"]
[Site "Caleta ENG"]
[Date "2010.01.26"]
[Round "1"]
[White "Weeramantry,S SRI"]
[Black "Zhukova,N"]
[Result "0-1"]
[WhiteElo "2201"]
[BlackElo "2462"]
[EventDate "2010.01.26"]

1. e4 e6 2. d4 d5 3. e5 c5 4. c3 Nc6 5. Nf3 Bd7 6. Be2 f6 7. O-O Qb6 8.
dxc5 Bxc5 9. b4 Be7 10. Bf4 fxe5 11. Nxe5 Nxe5 12. Bxe5 Nf6 13. Bh5+ g6 14.
Bf3 O-O 15. Nd2 Rac8 16. Nb3 Bd6 17. Bxd6 Qxd6 18. Qd2 e5 19. Rfd1 e4 20.
Be2 Bg4 21. Bxg4 Nxg4 22. Qxd5+ Qxd5 23. Rxd5 Nxf2 24. Nc5 b6 25. Nd7 Rf7
26. c4 Nd3 27. a3 Rxc4 28. Ne5 Nxe5 29. Rxe5 Kf8 30. Re1 Re7 31. Rd5 Kf7
32. Rd2 Kf6 33. Kf2 Rec7 34. Re3 Ke5 35. Rd8 Rf7+ 36. Kg3 Re7 37. Kf2 Rd4
38. Rxd4 Kxd4 39. Ke2 Rc7 40. Rh3 Rc2+ 41. Kd1 Rc3 42. Rxh7 Rxa3 43. g4 g5
44. b5 Kd3 45. Rd7+ Ke3 46. Rf7 Ra1+ 47. Kc2 Ra2+ 48. Kc3 Rxh2 49. Rf5 Rh7
50. Rxg5 Rc7+ 51. Kb4 Kf3 0-1

[Event "8th Gibtelecom Masters"]
[Site "Caleta ENG"]
[Date "2010.01.26"]
[Round "1"]
[White "Krush,I"]
[Black "Ivanov,StojanE"]
[Result "1-0"]
[WhiteElo "2455"]
[BlackElo "2198"]
[EventDate "2010.01.26"]

1. d4 Nf6 2. c4 e6 3. Nc3 Bb4 4. Qc2 b6 5. e4 Bb7 6. Bd3 Bxc3+ 7. bxc3 d6
8. f4 d5 9. cxd5 exd5 10. e5 Ne4 11. Nf3 O-O 12. O-O Nd7 13. Bxe4 dxe4 14.
Ng5 c5 15. Be3 Rc8 16. Nxe4 cxd4 17. Bxd4 Bxe4 18. Qxe4 Nc5 19. Qe3 Qd5 20.
f5 Rc6 21. Rae1 Re8 22. Qg3 Qd7 23. e6 fxe6 24. f6 Rf8 25. f7+ Rxf7 26.
Rxf7 Qxf7 27. Rf1 Qc7 28. Qf3 h6 29. Qf8+ Kh7 30. Rf7 1-0

[Event "8th Gibtelecom Masters"]
[Site "Caleta ENG"]
[Date "2010.01.26"]
[Round "1"]
[White "Urbina Perez,J"]
[Black "Boskovic,D"]
[Result "0-1"]
[WhiteElo "2197"]
[BlackElo "2454"]
[EventDate "2010.01.26"]

1. e4 c5 2. Nf3 Nc6 3. d4 cxd4 4. Nxd4 Qc7 5. Nb3 Nf6 6. Nc3 e6 7. Bd3 a6
8. Qe2 Be7 9. O-O d6 10. f4 O-O 11. Bd2 b5 12. a3 Bb7 13. Rae1 b4 14. axb4
Nxb4 15. Nb5 Qb6+ 16. Be3 Qd8 17. Nc3 Qc7 18. Kh1 a5 19. Ra1 Bc6 20. Nd4
Bb7 21. Bg1 Nxd3 22. cxd3 Rfb8 23. Rfc1 Qd8 24. Ncb5 Rc8 25. Rxc8 Rxc8 26.
Qd2 Ra8 27. Rc1 Nd7 28. Ra1 Nc5 29. Qc3 Qb6 30. Na3 Qb4 31. Rd1 Na4 32.
Qxb4 axb4 33. Nac2 d5 34. b3 Nc3 35. Re1 dxe4 36. dxe4 Bxe4 37. Ne3 Ra2 38.
h3 Bf6 39. Nf3 Bxf3 40. gxf3 Ne2 41. Bh2 Nd4 42. Rc1 g6 43. Ng4 Kg7 44. Rc4
Nxf3 0-1

[Event "8th Gibtelecom Masters"]
[Site "Caleta ENG"]
[Date "2010.01.26"]
[Round "1"]
[White "Vernay,C"]
[Black "Byron,A"]
[Result "1-0"]
[WhiteElo "2442"]
[BlackElo "2196"]
[EventDate "2010.01.26"]

1. d4 Nf6 2. c4 e5 3. dxe5 Ng4 4. Bf4 Nc6 5. e3 Ngxe5 6. Be2 Bb4+ 7. Nd2 a5
8. Ngf3 Qe7 9. O-O O-O 10. Qc2 d6 11. Nb1 Nxf3+ 12. Bxf3 Ne5 13. Be2 f5 14.
a3 Bc5 15. Nc3 c6 16. Rab1 g5 17. Bxe5 Qxe5 18. Na4 Ba7 19. b4 axb4 20.
axb4 Rf6 21. c5 Rh6 22. g3 Be6 23. Rfd1 d5 24. Qc3 Qc7 25. b5 Bb8 26. b6
Qe7 27. Nb2 Ra2 28. Ra1 Rxa1 29. Rxa1 Rf6 30. f4 Rf8 31. Ra4 Re8 32. Bf3
Bf7 33. Nd1 h6 34. Rd4 h5 35. Kf2 h4 36. Nb2 Kh7 37. Rd1 g4 38. Be2 Kg6 39.
Rd2 Qf6 40. Qxf6+ Kxf6 41. Rd4 Rh8 42. Bf1 hxg3+ 43. hxg3 Re8 44. Bg2 Ke6
45. Na4 Kd7 46. Nc3 Kc8 47. Ne2 Kd7 48. Rd1 Rh8 49. Nd4 Bg6 50. Kg1 Re8 51.
Rd3 Bd6 52. cxd6 Kxd6 53. Ra3 Kc5 54. Rb3 Ra8 55. Rb2 Ra3 56. Kf2 Kd6 57.
Bf1 Rc3 58. Ba6 1-0

[Event "8th Gibtelecom Masters"]
[Site "Caleta ENG"]
[Date "2010.01.26"]
[Round "1"]
[White "Kawuma,S"]
[Black "Bellon Lopez,JuM"]
[Result "0-1"]
[WhiteElo "2187"]
[BlackElo "2440"]
[EventDate "2010.01.26"]

1. e4 c5 2. Nf3 e6 3. d4 cxd4 4. Nxd4 Nc6 5. Nc3 Qc7 6. Be3 Nf6 7. Bd3 a6
8. Nb3 b5 9. a3 Ne5 10. f4 Nc4 11. Bxc4 bxc4 12. Nd4 Bb7 13. Qf3 Be7 14. g4
Nxe4 15. Nxe4 f5 16. gxf5 exf5 17. Nxf5 Qa5+ 18. Kd1 Qxf5 19. Nd6+ Bxd6 20.
Qxb7 Rb8 21. Qxa6 Qd5+ 22. Ke2 Qg2+ 23. Bf2 Qe4+ 24. Be3 Bc5 25. Rae1 Bxe3
26. b4 O-O 0-1

[Event "8th Gibtelecom Masters"]
[Site "Caleta ENG"]
[Date "2010.01.26"]
[Round "1"]
[White "Hirneise,T"]
[Black "Martsynovskaya,M"]
[Result "1-0"]
[WhiteElo "2421"]
[BlackElo "2184"]
[EventDate "2010.01.26"]

1. e4 e5 2. Nf3 Nc6 3. Bb5 Nd4 4. Nxd4 exd4 5. O-O Bc5 6. Bc4 d6 7. d3 Ne7
8. f4 c6 9. f5 d5 10. Bb3 f6 11. Qh5+ Kd7 12. exd5 cxd5 13. Qf7 Qg8 14.
Bxd5 Qxf7 15. Bxf7 Kc6 16. Nd2 Nxf5 17. Ne4 Bb6 18. Bb3 Bc7 19. Bd2 Nd6 20.
c3 Nxe4 21. dxe4 Be5 22. Rac1 Kb6 23. Bf4 Bxf4 24. Rxf4 dxc3 25. Rxc3 Re8
26. Bd5 a5 27. Rf1 Rb8 28. Rfc1 Be6 29. Rb3+ Ka6 30. Rc7 Bxd5 31. exd5 Re1+
32. Kf2 Rd1 33. Rxg7 Rxd5 34. Rxh7 a4 35. Re3 Rc8 36. Rhe7 b6 37. R7e6 Kb5
38. h4 Rc4 39. g3 Rb4 40. Re2 Rd1 41. Rxf6 Rb1 42. h5 R4xb2 43. h6 Rxe2+
44. Kxe2 Rb2+ 45. Kf3 Rh2 46. g4 Kc4 47. Rxb6 Rxa2 48. g5 Rh2 49. Ra6 Kb3
50. Ke4 a3 51. Kf5 a2 52. Kg6 Rd2 53. Rxa2 Rxa2 54. h7 Ra6+ 55. Kg7 Ra7+
56. Kh6 1-0

[Event "8th Gibtelecom Masters"]
[Site "Caleta ENG"]
[Date "2010.01.26"]
[Round "1"]
[White "Jaime Montalvan,L"]
[Black "Battaglini,G"]
[Result "0-1"]
[WhiteElo "2183"]
[BlackElo "2411"]
[EventDate "2010.01.26"]

1. d4 d5 2. c4 c6 3. Nf3 Nf6 4. Nc3 e6 5. Bg5 Nbd7 6. cxd5 exd5 7. e3 Qa5
8. Bd3 Ne4 9. Qc2 Ndf6 10. Bxf6 Nxf6 11. h3 Bd6 12. O-O Qc7 13. Rac1 a6 14.
e4 dxe4 15. Nxe4 Nxe4 16. Bxe4 g6 17. d5 c5 18. b4 b6 19. bxc5 bxc5 20. Nd2
O-O 21. Nc4 Re8 22. Nxd6 Qxd6 23. Bf3 Qf4 24. Qc4 Qf6 25. Qc3 Qf4 26. Qc4
Qf6 27. Rc3 Bd7 28. Rfc1 Rac8 29. Qb3 h5 30. Qa3 Qd6 31. Qa5 Bb5 32. R3c2
Re5 33. a4 Bd7 34. Rxc5 Rce8 35. Qb4 Qf6 36. R5c3 Re1+ 37. Kh2 a5 38. Qc4
Qe5+ 39. g3 Qf5 40. Bg2 Qxf2 41. Qc5 R8e3 0-1

[Event "8th Gibtelecom Masters"]
[Site "Caleta ENG"]
[Date "2010.01.26"]
[Round "1"]
[White "Nezad,H"]
[Black "Ashby,Ant"]
[Result "1-0"]
[WhiteElo "2408"]
[BlackElo "2178"]
[EventDate "2010.01.26"]

1. e4 e6 2. d4 d5 3. Nd2 Nc6 4. Ngf3 Nf6 5. e5 Nd7 6. Bb5 a5 7. a4 Na7 8.
Bd3 c5 9. c3 Nc6 10. O-O Be7 11. Nb1 O-O 12. Na3 Re8 13. Nb5 cxd4 14. cxd4
Nf8 15. h4 Na7 16. Nc3 Bxh4 17. Nxh4 Qxh4 18. g3 Qd8 19. Kg2 f5 20. exf6
Qxf6 21. Rh1 g6 22. Rh4 Bd7 23. Bh6 Bc6 24. Qd2 e5 25. Rah1 e4 26. Be2 Ne6
27. Bg4 Re7 28. Ne2 Rae8 29. Bxe6+ Qxe6 30. Qxa5 Nc8 31. Bf4 Nd6 32. Be5
Nc4 33. Qc3 Nxe5 34. dxe5 Rf7 35. Qd4 Qxe5 36. b3 e3 37. f3 Qxd4 38. Nxd4
Bd7 39. Rc1 Rfe7 40. Rhh1 Kg7 41. Rc5 Bc6 42. Re1 h5 43. Rc3 Kf7 44. Kf1
Bd7 45. Rc5 h4 46. gxh4 Rh8 47. Rxd5 Rxh4 48. Ke2 Bc6 49. Rd6 Rf4 50. Rh1
Rd7 51. Rh7+ Ke8 52. Rhxd7 Bxd7 53. Kxe3 1-0

[Event "8th Gibtelecom Masters"]
[Site "Caleta ENG"]
[Date "2010.01.26"]
[Round "1"]
[White "Bindrich,O"]
[Black "Karavade,E"]
[Result "1/2-1/2"]
[WhiteElo "2173"]
[BlackElo "2405"]
[EventDate "2010.01.26"]

1. e4 c5 2. Nf3 d6 3. d4 cxd4 4. Nxd4 Nf6 5. Nc3 a6 6. Be2 e6 7. O-O Be7 8.
f4 Nc6 9. Be3 O-O 10. Qe1 Nxd4 11. Bxd4 b5 12. a3 Bb7 13. Qg3 g6 14. Bf3
Rc8 15. Rad1 Qc7 16. e5 dxe5 17. fxe5 Nd7 18. Bxb7 Qxb7 19. Qf4 f5 20. exf6
Bxf6 21. Bxf6 Nxf6 22. Qd4 Qe7 23. Qd6 Qa7+ 24. Kh1 Rce8 25. h3 Rf7 26. Qe5
Nh5 27. Ne4 Qe7 28. g4 Ref8 29. Rxf7 Qxf7 30. Ng5 Qb7+ 31. Kg1 Nf4 32. Rd2
h6 33. Ne4 Qe7 34. Kh2 Qh4 35. Nf2 Qe7 36. Ne4 Qh4 37. Nf2 Qe7 1/2-1/2

[Event "8th Gibtelecom Masters"]
[Site "Caleta ENG"]
[Date "2010.01.26"]
[Round "1"]
[White "Houska,Jo"]
[Black "Byrn,C"]
[Result "1-0"]
[WhiteElo "2401"]
[BlackElo "2171"]
[EventDate "2010.01.26"]

1. d4 Nf6 2. Nf3 g6 3. c4 Bg7 4. g3 d5 5. cxd5 Nxd5 6. Bg2 O-O 7. O-O Nb6
8. Nc3 Nc6 9. Bf4 Nxd4 10. Nxd4 e5 11. Nc6 bxc6 12. Be3 Bg4 13. Bc5 Qxd1
14. Raxd1 Rfd8 15. Bxc6 Rab8 16. f3 Be6 17. b3 Bf8 18. Bxf8 Kxf8 19. Nb5 a6
20. Nxc7 Bh3 21. Rxd8+ Rxd8 22. Rc1 Rd2 23. Kf2 Rxa2 24. Bb7 a5 25. g4 h5
26. Kg3 hxg4 27. fxg4 Bxg4 28. Kxg4 Rxe2 29. Nd5 Nxd5 30. Bxd5 Rxh2 31. Ra1
Kg7 32. Rxa5 f5+ 33. Kg3 Rd2 34. Bc4 Kf6 35. Ra6+ Kg7 36. Re6 e4 37. Kf4
Rf2+ 38. Ke3 Rf3+ 39. Kd4 g5 40. b4 g4 41. b5 g3 42. Re8 Kh7 43. Rg8 e3 44.
Kd3 f4 45. b6 e2+ 46. Kxe2 Re3+ 47. Kd2 Re7 48. Bd5 Rd7 49. Ke2 Rxd5 50. b7
f3+ 51. Kxf3 Rf5+ 52. Ke4 Rf8 53. Rxf8 g2 54. b8=Q 1-0

[Event "8th Gibtelecom Masters"]
[Site "Caleta ENG"]
[Date "2010.01.26"]
[Round "1"]
[White "Kvisla,J"]
[Black "Sachdev,T"]
[Result "0-1"]
[WhiteElo "2161"]
[BlackElo "2398"]
[EventDate "2010.01.26"]

1. Nf3 Nf6 2. g3 e6 3. Bg2 c5 4. c4 Be7 5. O-O O-O 6. d4 cxd4 7. Nxd4 d5 8.
Qc2 Nc6 9. Nxc6 bxc6 10. Rd1 Qb6 11. Nc3 Ba6 12. Be3 Qa5 13. Bd2 Qc5 14.
cxd5 cxd5 15. Qa4 Qb6 16. Be3 Qxb2 17. Qxa6 Qxc3 18. Qb7 Bc5 19. Rdc1 Qb4
20. Qxb4 Bxb4 21. Rab1 a5 22. Bd4 Rac8 23. Bxf6 gxf6 24. e3 Ba3 25. Rd1 Rc2
26. Rb5 Bb4 27. a3 Bd2 28. Bf1 Rfc8 29. Rb7 Ra2 30. a4 f5 31. Bb5 Kf8 32.
Ra7 Rcc2 33. Ra8+ Kg7 34. Rf1 Bxe3 35. Kg2 Rxf2+ 36. Rxf2 Rxf2+ 37. Kh3 Ra2
38. Rxa5 Bg1 39. g4 f4 40. g5 f5 41. gxf6+ Kxf6 42. Kg4 Be3 43. Ra6 Rxh2
44. Bd7 h5+ 0-1

[Event "8th Gibtelecom Masters"]
[Site "Caleta ENG"]
[Date "2010.01.26"]
[Round "1"]
[White "Benitah,Y"]
[Black "Gandrud,V"]
[Result "0-1"]
[WhiteElo "2390"]
[BlackElo "2158"]
[EventDate "2010.01.26"]

1. d4 Nf6 2. c4 g6 3. Nc3 d5 4. e3 Bg7 5. Nf3 O-O 6. Be2 c5 7. O-O cxd4 8.
Nxd4 Nc6 9. cxd5 Nxd5 10. Nxd5 Qxd5 11. Bf3 Qc5 12. Nxc6 bxc6 13. Bd2 Bxb2
14. Rb1 Rb8 15. Qa4 Bf5 16. e4 Be6 17. Be3 Qc4 18. Qxa7 Qxa2 19. Qxe7 Ba3
20. Qf6 Rxb1 0-1

[Event "8th Gibtelecom Masters"]
[Site "Caleta ENG"]
[Date "2010.01.26"]
[Round "1"]
[White "Haarr,J"]
[Black "Sarkar,J"]
[Result "1-0"]
[WhiteElo "2157"]
[BlackElo "2378"]
[EventDate "2010.01.26"]

1. e4 e6 2. Nf3 d5 3. e5 c5 4. b4 b6 5. a3 Ba6 6. Bxa6 Nxa6 7. c3 Nc7 8. d4
a5 9. bxc5 bxc5 10. a4 c4 11. O-O Rb8 12. Na3 Ne7 13. Qc2 Nc6 14. Rb1 Be7
15. Nd2 f5 16. exf6 gxf6 17. Re1 Kd7 18. f4 Bd6 19. Nf3 Rxb1 20. Qxb1 Qb8
21. Nb5 Qb6 22. Kh1 Nxb5 23. axb5 Ne7 24. h3 h5 25. Nh4 f5 26. Nf3 Ng6 27.
Ng5 Re8 28. Nxe6 Rxe6 29. Qxf5 Nf8 30. Rxe6 Nxe6 31. Qf7+ Be7 32. Ba3 Qd8
33. f5 Ng5 34. Qxd5+ Ke8 35. Qg8+ Kd7 36. Qd5+ Ke8 37. Qg8+ Kd7 38. Qg7 Ne4
39. b6 Qf8 40. Qe5 Nf2+ 41. Kg1 Bxa3 42. Qc7+ Ke8 43. b7 Nxh3+ 44. gxh3
Qg8+ 45. Kf1 1-0

[Event "8th Gibtelecom Masters"]
[Site "Caleta ENG"]
[Date "2010.01.26"]
[Round "1"]
[White "Dworakowska,J"]
[Black "Arnott,J"]
[Result "1/2-1/2"]
[WhiteElo "2374"]
[BlackElo "2154"]
[EventDate "2010.01.26"]

1. e4 e6 2. d4 d5 3. Nc3 Nf6 4. e5 Nfd7 5. f4 c5 6. Nf3 Nc6 7. Be3 Be7 8.
Be2 O-O 9. O-O a6 10. a3 b5 11. dxc5 Bxc5 12. Bxc5 Nxc5 13. Nd4 Qb6 14.
Nxc6 Qxc6 15. Qd4 Ne4 16. Nxe4 dxe4 17. c4 bxc4 18. Rac1 Bb7 19. Rxc4 Qd5
20. Rd1 Qxd4+ 21. Rdxd4 g5 22. fxg5 Rfc8 23. Kf2 Kg7 24. h4 Bd5 25. Rxc8
Rxc8 26. Ke3 a5 27. Rd2 Rc5 28. Bd1 Ba8 29. Rd8 Bd5 30. Rb8 Ba2 31. Kf4 Rc1
32. Bh5 Bd5 33. Rd8 Rc7 34. Bd1 Rc1 35. Ba4 Re1 36. Rc8 e3 37. Rc2 e2 38.
Ke3 Rh1 39. Rxe2 Rxh4 1/2-1/2

[Event "8th Gibtelecom Masters"]
[Site "Caleta ENG"]
[Date "2010.01.26"]
[Round "1"]
[White "Nilsen,Jo"]
[Black "Degtiarev,E"]
[Result "0-1"]
[WhiteElo "2152"]
[BlackElo "2374"]
[EventDate "2010.01.26"]

1. e4 c5 2. Nf3 d6 3. d4 cxd4 4. Nxd4 Nf6 5. Nc3 Nc6 6. Bg5 e6 7. Qd2 a6 8.
O-O-O Bd7 9. f3 Rc8 10. Kb1 Qa5 11. h4 h6 12. Bxf6 gxf6 13. h5 Be7 14. f4
Nxd4 15. Qxd4 Qc5 16. Qd2 b5 17. f5 b4 18. Ne2 e5 19. Ng3 a5 20. Be2 a4 21.
b3 Qc3 22. Nf1 axb3 23. cxb3 Qxd2 24. Rxd2 Rc3 25. Kb2 d5 26. Rxd5 Bc5 27.
Rd1 Bd4 28. Kb1 Bc6 29. Bf3 Bb5 30. Ng3 Bd3+ 31. Rxd3 Rxd3 32. Ne2 Be3 33.
Nc1 Rd2 34. Ne2 O-O 0-1

[Event "8th Gibtelecom Masters"]
[Site "Caleta ENG"]
[Date "2010.01.26"]
[Round "1"]
[White "Goodger,M"]
[Black "Zaremba,An"]
[Result "0-1"]
[WhiteElo "2147"]
[BlackElo "2360"]
[EventDate "2010.01.26"]

1. e4 c5 2. c3 Nc6 3. d4 d5 4. exd5 Qxd5 5. dxc5 Qxd1+ 6. Kxd1 e5 7. Be3
Nf6 8. b4 Nd5 9. Bd2 e4 10. a3 a5 11. Bb5 Be7 12. c4 Nc7 13. Bxc6+ bxc6 14.
Bc3 O-O 15. Nd2 Rd8 16. Ne2 Bg4 17. h3 Bh5 18. g4 Bg6 19. Nf4 axb4 20. Nxg6
Bxc5 21. Be5 Ne6 22. Nf4 e3 23. fxe3 Bxe3 24. Ke2 Bxf4 25. Bxf4 Nxf4+ 26.
Ke3 bxa3 27. Ne4 Ne6 28. Ra2 Re8 29. Nd6 Reb8 30. Nf5 Rb3+ 31. Ke4 Rd8 32.
Ne7+ Kf8 33. Nxc6 Rd6 34. Ne5 Rd4+ 0-1

[Event "8th Gibtelecom Masters"]
[Site "Caleta ENG"]
[Date "2010.01.26"]
[Round "1"]
[White "Calzetta Ruiz,M"]
[Black "Lipecki,A"]
[Result "1-0"]
[WhiteElo "2359"]
[BlackElo "2146"]
[EventDate "2010.01.26"]

1. e4 e6 2. d4 d5 3. Nd2 Nc6 4. Ngf3 Nf6 5. e5 Nd7 6. Be2 f6 7. exf6 Qxf6
8. Nf1 Bd6 9. Ne3 O-O 10. O-O Qg6 11. c4 Ne7 12. c5 Bf4 13. b4 c6 14. Nc2
Bc7 15. Bb2 Bf4 16. a4 a6 17. Ra3 Qf6 18. Ne3 Ng6 19. Ng4 Qf5 20. h3 e5 21.
dxe5 Ngxe5 22. Ngxe5 Nxe5 23. Nxe5 Bxe5 24. Rf3 Qe4 25. Re3 Qxe3 26. fxe3
Rxf1+ 27. Bxf1 Bxb2 28. Bd3 g6 29. h4 Kg7 30. h5 Be6 31. hxg6 hxg6 32. Qc2
Be5 33. Bxg6 Rh8 34. Bd3 Bh2+ 35. Kf1 Rf8+ 36. Ke1 Bg4 37. Qc3+ Kg8 38. Qd4
Bg3+ 39. Kd2 Rf2+ 40. Kc1 Be6 41. b5 axb5 42. axb5 Rf8 43. Be2 Kf7 44. Bh5+
Kg8 45. Bg4 Rf1+ 46. Kb2 Bf7 47. Be2 Rf2 48. Qg4+ Kf8 49. Qxg3 Rxe2+ 50.
Kc3 cxb5 51. Kd3 Rb2 52. Qb8+ Be8 53. Qd6+ 1-0

[Event "8th Gibtelecom Masters"]
[Site "Caleta ENG"]
[Date "2010.01.26"]
[Round "1"]
[White "Hughes,Ro"]
[Black "Saravanan,V1"]
[Result "0-1"]
[WhiteElo "1976"]
[BlackElo "2356"]
[EventDate "2010.01.26"]

1. e4 c5 2. Nc3 d6 3. f4 Nc6 4. Nf3 g6 5. Bb5 Bg7 6. Bxc6+ bxc6 7. d3 Nf6
8. O-O O-O 9. Na4 c4 10. e5 Nd7 11. d4 Qa5 12. Nc3 c5 13. Nd5 Bb7 14. Nxe7+
Kh8 15. f5 dxe5 16. dxe5 Nxe5 17. Nxe5 Bxe5 18. f6 Qb6 19. Bh6 Bxf6 20.
Bxf8 Bd4+ 21. Kh1 Rxf8 22. c3 Qxb2 23. Qg4 Qxc3 24. Rac1 Qd3 25. Rce1 Ba8
26. h4 f5 0-1

[Event "8th Gibtelecom Masters"]
[Site "Caleta ENG"]
[Date "2010.01.26"]
[Round "1"]
[White "Thingstad,E"]
[Black "Green,Per"]
[Result "1-0"]
[WhiteElo "2141"]
[BlackElo "1970"]
[EventDate "2010.01.26"]

1. d4 e6 2. c4 Nf6 3. Nc3 Bb4 4. Qc2 O-O 5. a3 Bxc3+ 6. Qxc3 b5 7. cxb5 c6
8. f3 cxb5 9. e4 Nxe4 10. fxe4 Qh4+ 11. Qg3 Qxe4+ 12. Qe3 Qh4+ 13. g3 Qd8
14. Bg2 Nc6 15. Nf3 Bb7 16. O-O Ne7 17. Qd3 Qb6 18. Be3 Bd5 19. Ng5 f5 20.
Bxd5 Nxd5 21. Nf3 d6 22. Bf2 Qb7 23. Rae1 Rae8 24. Re2 Re7 25. Rfe1 Rfe8
26. Ng5 Qd7 27. Qf3 h6 28. Nxe6 Nf6 29. d5 g6 30. Bd4 Ne4 31. Rxe4 fxe4 32.
Qf6 Kh7 33. Rxe4 Rf7 34. Ng5+ 1-0

[Event "8th Gibtelecom Masters"]
[Site "Caleta ENG"]
[Date "2010.01.26"]
[Round "1"]
[White "Helin,M"]
[Black "Aerni,A"]
[Result "0-1"]
[WhiteElo "1972"]
[BlackElo "2137"]
[EventDate "2010.01.26"]

1. e4 d5 2. d4 dxe4 3. Nc3 Nf6 4. f3 exf3 5. Nxf3 g6 6. Bc4 Bg7 7. O-O O-O
8. Qe1 Bg4 9. Qh4 Nc6 10. Be3 Bxf3 11. Rxf3 Qd7 12. h3 Rad8 13. Rd1 Nb4 14.
Bb3 Qc6 15. Bh6 Qb6 16. Na4 Qb5 17. Nc5 b6 18. Bxg7 Kxg7 19. Rxf6 exf6 20.
Rf1 Qc6 21. Ne4 Rxd4 22. Qxf6+ Qxf6 23. Nxf6 Nc6 24. g4 Ne5 25. Kg2 c5 26.
g5 c4 27. Ba4 a6 28. Re1 b5 29. Bxb5 axb5 30. Rxe5 b4 31. a4 bxa3 32. bxa3
Rd2+ 33. Kf3 Rxc2 34. a4 Ra2 35. a5 Ra3+ 36. Ke4 Ra8 37. h4 R3xa5 38. Re7
Rc8 39. Ng4 Rac5 40. Ne5 Rxe5+ 0-1

[Event "8th Gibtelecom Masters"]
[Site "Caleta ENG"]
[Date "2010.01.26"]
[Round "1"]
[White "Popa Matei,V"]
[Black "Young,M"]
[Result "1-0"]
[WhiteElo "2137"]
[BlackElo "1971"]
[EventDate "2010.01.26"]

1. e4 c5 2. d4 cxd4 3. c3 dxc3 4. Nxc3 Nc6 5. Bc4 e6 6. Nf3 d6 7. O-O a6 8.
Qe2 Be7 9. Rd1 Bd7 10. Bf4 e5 11. Be3 Nf6 12. h3 O-O 13. Rac1 Rc8 14. Bd5
Qa5 15. a3 b5 16. Nd2 Qd8 17. b4 Nd4 18. Qd3 Nxd5 19. Nxd5 Bf6 20. Bxd4
exd4 21. Nxf6+ Qxf6 22. Nf3 Rc3 23. Qxd4 Qxd4 24. Nxd4 Rxa3 25. Rc7 Be6 26.
Nc2 Ra2 27. Rxd6 a5 28. bxa5 Rxa5 29. Rb6 Bc4 30. Ne3 Bd3 31. e5 b4 32. f4
Ra1+ 33. Kf2 g5 34. g3 Ra2+ 35. Kf3 gxf4 36. gxf4 Rh2 37. Kg3 Re2 38. Ng4
Kh8 39. Rxb4 h5 40. Nf6 Re3+ 41. Kg2 h4 42. Rcb7 Rg3+ 43. Kf2 Rxh3 44. Rb8
Rxb8 45. Rxb8+ Kg7 46. Rg8+ Kh6 47. Rg5 Bg6 48. Ng4+ Kh7 49. f5 Kg7 50.
fxg6 fxg6 51. e6 Ra3 52. Rd5 Ra8 53. Rd7+ Kh8 54. Nf6 Rf8 55. Rh7+ 1-0

[Event "8th Gibtelecom Masters"]
[Site "Caleta ENG"]
[Date "2010.01.26"]
[Round "1"]
[White "Mikalsen,E"]
[Black "Andersson,L"]
[Result "1-0"]
[WhiteElo "1973"]
[BlackElo "2132"]
[EventDate "2010.01.26"]

1. e4 d6 2. d4 Nf6 3. Bd3 e5 4. dxe5 dxe5 5. Nc3 Be7 6. Nf3 Nbd7 7. Nd5 O-O
8. Nxe7+ Qxe7 9. O-O Nc5 10. Qe2 Nxd3 11. cxd3 c5 12. Bg5 h6 13. Bh4 Rd8
14. Bg3 Nd7 15. Nh4 g5 16. Nf5 Qf8 17. Qh5 Nf6 18. Qf3 Nd7 19. h4 f6 20.
Qh5 Kh7 21. Kh2 Nb6 22. hxg5 Bxf5 23. exf5 Qg7 24. gxf6 1-0